000 00259nam a2200109Ia 4500
005 20251222154410.0
008 251222s9999||||xx |||||||||||||| ||spa||
020 _a874-348-3371-9
082 _a363.7285/B22
245 0 _aLos residuos radioactivos
942 _cLIB
999 _c35611
_d35611